Statistics for Australian Football League Teams (AFL)

Click here to take the quiz!

General Stats

  • This quiz has been taken 5,493 times
    (4,781 since last reset)
  • The average score is 16 of 18

Answer Stats

Team % Correct
Adelaide Crows
95%
Sydney Swans
94%
Brisbane Lions
94%
Melbourne Demons
91%
Gold Coast Suns
88%
Greater Western Sydney Giants
87%
Collingwood Magpies
87%
Richmond Tigers
86%
West Coast Eagles
86%
Geelong Cats
86%
Carlton Blues
85%
Hawthorn Hawks
85%
Fremantle Dockers
85%
North Melbourne Kangaroos
84%
Essendon Bombers
84%
Western Bulldogs
83%
Port Adelaide Power
83%
St Kilda Saints
77%

Score Distribution

Percentile by Number Answered

Percent of People with Each Score

Your Score History

You have not taken this quiz since the last reset